Normal view
MARC view
- RWP Development Authority
Entry Corporate Name
001 - CONTROL NUMBER
- control field: 44219
003 - CONTROL NUMBER IDENTIFIER
- control field: NUST
005 - DATE AND TIME OF LATEST TRANSACTION
- control field: 20210314132919.0
008 - FIXED-LENGTH DATA ELEMENTS
- fixed length control field: 210314|| aca||aabn | a|a d
040 ## - CATALOGING SOURCE
- Original cataloging agency: NUST
- Transcribing agency: NUST
110 ## - HEADING--CORPORATE NAME
- Corporate name or jurisdiction name as entry element: RWP Development Authority
670 ## - SOURCE DATA FOUND
- Source citation: Work cat.: (NUST): RWP Development Authority, PC-1 and rough cost estimate for urban water supply and sanitation project phase -1 for rawalpindi city, 1993
